| 000 | 04300cam a22005774a 4500 | ||
|---|---|---|---|
| 999 |
_c4821 _d4821 |
||
| 001 | ocm69792080 | ||
| 003 | OCoLC | ||
| 005 | 20190702172533.0 | ||
| 007 | ta |||||||||||||||||||| | ||
| 008 | 060601s2007 caua b s001 0 eng | ||
| 010 | _a 2006017929 | ||
| 015 |
_aGBA714145 _2bnb |
||
| 016 | 7 |
_a013678020 _2Uk |
|
| 020 |
_a9780520250963 _q(pbk. ; _qalk. paper) |
||
| 035 |
_a(OCoLC)69792080 _z(OCoLC)809289332 |
||
| 040 |
_aDLC _beng _cTZ-ArACH _dBAKER |
||
| 042 | _apcc | ||
| 049 | _aTZAA | ||
| 050 | 0 | 0 |
_aHV6252 _b.N67 |
| 082 | 0 | 0 |
_a364.1/35 _222 |
| 100 | 1 |
_aNordstrom, Carolyn, _d1953- |
|
| 245 | 1 | 0 |
_aGlobal outlaws : _bcrime, money, and power in the contemporary world / _cCarolyn Nordstrom. |
| 246 | 3 | 0 | _aCrime, money, and power in the contemporary world |
| 260 |
_aBerkeley : _bUniversity of California Press, _c2007. |
||
| 300 |
_axxi, 234 pages : _billustrations ; _c24 cm. |
||
| 490 | 1 |
_aCalifornia series in public anthropology ; _v16 |
|
| 504 | _aIncludes bibliographical references (pages 221-223) and index. | ||
| 505 | 0 | 0 |
_tThe war orphan -- _tThe bombed-out shop -- _tCoconuts and cigarettes : some definitions -- _tThe Gov'nor's red tractors -- _tMilitary takeovers (or, how to own a country) -- _tThe untold story of the amputees -- _tRobber barons -- _tThe border post--a billion-dollar truck stop (going international) -- _tRomancing the stone : borders and businesspeople -- _tThe washing machine : laundering, part one -- _tDiamonds and fish : going global -- _tPorts -- _tDrugs -- _tThe cultures of criminals -- _tThe cultures of cops -- _tThe world-port -- _tThe investment machine : laundering, part two -- _tHuman cargo -- _tPost-terror : creating (the illusion of) security -- _tConclusion. |
| 520 | _aCarolyn Nordstrom explores the pathways of global crime in a stunning work of anthropology that has the power to change the way we think about the world. To write this book, she spent three years traveling to hot spots in Africa, Europe, Asia and the USA investigating the dynamics of illegal trade circulating around the world--from blood diamonds and arms to pharmaceuticals, exotica, and staples like food and oil. Global Outlaws peels away the layers of this vast economy that extends from a war orphan in Angola selling Marlboros on the street to powerful transnational networks that reach across continents and oceans. Nordstrom's extraordinary fieldwork includes interviews with scores of informants including the smugglers, victims, power elite, and profiteers who populate these economic war zones. Her compelling investigation shows that the sum total of extra-legal activities represent a significant part of the world's economy and in so doing, provides a new framework for understanding twenty-first century economics and economic power. At the same time, Global Outlaws powerfully reveals the myths, illusions, and realities of security in all areas of transport and trade, and illuminates many of the difficult ethical problems these issues pose. -- Publisher description. | ||
| 650 | 0 | _aTransnational crime. | |
| 650 | 0 | _aOrganized crime. | |
| 650 | 0 | _aSmuggling. | |
| 650 | 0 | _aInternational economic relations. | |
| 650 | 6 | _aCriminalité internationale. | |
| 650 | 6 | _aCrime organisé | |
| 650 | 6 | _aContrebande. | |
| 650 | 6 | _aRelations économiques internationales. | |
| 650 | 7 |
_aInternational economic relations. _2fast |
|
| 650 | 7 |
_aOrganized crime. _2fast |
|
| 650 | 7 |
_aSmuggling. _2fast |
|
| 650 | 7 |
_aTransnational crime. _2fast |
|
| 830 | 0 |
_aCalifornia series in public anthropology ; _v16. |
|
| 856 | 4 | 1 |
_3ebrary _uhttp://site.ebrary.com/id/10170139 |
| 856 | 4 | 1 |
_3Table of contents _uhttp://catdir.loc.gov/catdir/toc/ecip0614/2006017929.html |
| 856 | 4 | 2 |
_3Contributor biographical information _uhttp://catdir.loc.gov/catdir/enhancements/fy0742/2006017929-b.html |
| 856 | 4 | 2 |
_3Publisher description _uhttp://catdir.loc.gov/catdir/enhancements/fy0702/2006017929-d.html |
| 856 | 4 | 1 |
_3Table of contents only _uhttp://www.loc.gov/catdir/toc/ecip0614/2006017929.html |
| 856 | 4 | 2 |
_3Publisher description _uhttp://www.loc.gov/catdir/enhancements/fy0702/2006017929-d.html |
| 856 | 4 | 1 |
_zAvailable to Stanford-affiliated users at: _uhttp://site.ebrary.com/lib/stanford/Doc?id=10170139 |
| 942 |
_2lcc _cBOOK |
||